El desenlace
Guardado en:
| Autor principal: | |
|---|---|
| Formato: | Libro |
| Lenguaje: | español |
| Publicado: |
Santiago
Zig Zag
1973
|
| Edición: | 4a. ed |
| Colección: | Libros de Bolsillo, 23
|
| Materias: | |
| Etiquetas: |
Agregar Etiqueta
Sin Etiquetas, Sea el primero en etiquetar este registro!
|
MARC
| LEADER | 00000nam a2200000 a 4500 | ||
|---|---|---|---|
| 001 | UCQ6651 | ||
| 003 | CL-VaPUC | ||
| 008 | 981016e19730000CL |||||||||||||||||spa|d | ||
| 082 | 0 | 4 | |a Ch863 |b ALV |2 21 |
| 100 | 0 | |a Alvarado, Edesio |e author |9 420513 | |
| 245 | 1 | 3 | |a El desenlace |
| 250 | |a 4a. ed | ||
| 300 | |a 234 p | ||
| 942 | |c BK | ||
| 945 | |d 19981016 00:00:00 |a lriquelm | ||
| 260 | |a Santiago |b Zig Zag |c 1973 | ||
| 650 | 0 | |a Literatura chilena |9 308278 | |
| 650 | 0 | |a Novelas chilenas |9 265425 | |
| 583 | |a last modification |c 19981016 00:00:00 |k Rodrigo Vera | ||
| 490 | 0 | |a Libros de Bolsillo, 23 | |
| 999 | |c 276598 |d 276596 | ||
| 952 | |0 0 |1 0 |4 0 |6 CH_863_000000000000000_ALV_1973 |7 0 |8 A |9 313900 |a BIBEDU |b BIBEDU |d 2019-11-20 |i 1485040 |o Ch863 ALV 1973 |p 1485040 |r 2019-11-20 |w 2019-11-20 |y BK |k LIT | ||